Most Bought Car Brands in the USA - Statistics

General Stats
  • This quiz has been taken 34 times
  • The average score is 7 of 25
Answer Stats
Hint Answer % Correct
2.02m Toyota
100%
1.80m Ford
81%
1.43m Chevrolet
56%
1.30m Honda
48%
0.91m Nissan
48%
0.73m Hyundai
33%
0.77m Jeep
30%
0.70m Kia
30%
0.32m Mercedes Benz
26%
0.37m Volkswagen
26%
0.33m BMW
19%
0.21m Dodge
19%
0.32m Mazda
19%
0.58m Subaru
19%
0.30m Tesla
19%
0.19m Audi
15%
0.48m GMC
15%
0.30m Lexus
15%
0.11m Cadillac
11%
0.12m Volvo
11%
0.15m Acura
7%
0.17m Buick
7%
0.11m Chrysler
7%
0.10m Mitsubishi
7%
0.64m Ram Trucks
0%
No matching quizzes found
Score Distribution
Percent of People with Each Score
Percentile by Number Answered
Your Score History
You have not taken this quiz